000 00295nam a2200097Ia 4500
008 220216s9999 xx 000 0 und d
100 _aSethuraj M R
245 0 _aPhysiological basis of yield potential in Hevea brasiliensis
260 _bIndian Science Congress, Tirupati, 1983
_c1983
942 _cJS
999 _c64985
_d64985